A Nagy Októberi Szocialista Forradalom elmélettörténeti előzményeihez

Elmentve itt :
Bibliográfiai részletek
Szerző: Rákai István
Dokumentumtípus: Könyv része
Megjelent: 1978
Sorozat:A József Attila Tudományegyetem és a Szegedi Orvostudományi Egyetem ünnepi actája a Nagy Októberi Szocialista Forradalom 60. évfordulója tiszteletére
Kulcsszavak:Politikaelmélet, Októberi Szocialista Forradalom, Szovjetunió története - 20. sz.
Tárgyszavak:
Online Access:http://acta.bibl.u-szeged.hu/88265
LEADER 00904naa a2200193 i 4500
001 acta88265
005 20250725145544.0
008 250725s1978 hu o 000 hun d
040 |a SZTE Egyetemi Kiadványok Repozitórium  |b hun 
041 |a hun 
100 1 |a Rákai István 
245 1 2 |a A Nagy Októberi Szocialista Forradalom elmélettörténeti előzményeihez  |h [elektronikus dokumentum] /  |c  Rákai István 
260 |c 1978 
300 |a 75-79  |c 24 cm 
490 0 |a A József Attila Tudományegyetem és a Szegedi Orvostudományi Egyetem ünnepi actája a Nagy Októberi Szocialista Forradalom 60. évfordulója tiszteletére 
650 4 |a Bölcsészettudományok 
650 4 |a Történettudomány és régészet 
695 |a Politikaelmélet, Októberi Szocialista Forradalom, Szovjetunió története - 20. sz. 
856 4 0 |u http://acta.bibl.u-szeged.hu/88265/1/unnepi_acta_1978_075-079.pdf  |z Dokumentum-elérés